8 Scenes, 1 Movie! XII Quiz Stats

 Plays Quiz Updated Sep 24, 2017

Challenge
Share
Tweet
Score 0/25 Timer 10:00
4 Plays Today
% Correct
Space Jam
93.4%
Minions
81%
Superbad
77%
Mad Max 2: The Road Warrior
76.9%
The Goonies
75.9%
Kick-Ass
75.6%
Charlie's Angels
72.3%
Fifty Shades of Grey
71.7%
A Christmas Carol
71.4%
The Amazing Spider-Man
70.5%
Independence Day
63.8%
Sausage Party
62.4%
Predator
61.8%
% Correct
Air Force One
61.4%
A Beautiful Mind
61.3%
The Magnificent Seven
56.5%
Corpse Bride
51.6%
Lucy
51.3%
X-Men: Apocalypse
50.8%
Watchmen
50.7%
The Fighter
48.4%
Little Shop of Horrors
43.4%
Ex Machina
39.9%
The Shallows
31.5%
Rock of Ages
29.7%

You're not logged in!

Compare scores with friends on all Sporcle quizzes.
Join for Free
OR
Log In

You Might Also Like...

Show Comments

Extras

Top Quizzes Today


Score Distribution

Your Account Isn't Verified!

In order to create a playlist on Sporcle, you need to verify the email address you used during registration. Go to your Sporcle Settings to finish the process.

Report this User

Report this user for behavior that violates our Community Guidelines.

Details: